Famous Spaniards Quiz Stats

 Plays Quiz Updated Mar 7, 2015

Challenge
Share
Tweet
Embed
Score 0/25 Timer 08:00
0 Plays Today
% Correct
Isabella I
91.8%
Penélope Cruz
91.1%
Pablo Picasso
89.4%
Julio Iglesias
88%
Rafael Nadal
86.8%
Miguel de Cervantes
86.7%
Francisco Franco
83.2%
Javier Bardem
82.6%
Salvador Dalí
82.4%
Plácido Domingo
77.9%
Hernán Cortés
76.7%
Abd-ar-Rahman III
74%
Juan Carlos I
73.3%
% Correct
Ignatius of Loyola
72.6%
Philip II
70.6%
Francisco Pizarro
69.7%
Arantxa Sánchez Vicario
68.1%
Seve Ballesteros
67.6%
El Cid
63%
Pau Gasol
60.4%
Pedro Almodóvar
60.3%
Tomás de Torquemada
59.8%
Charles V
58.6%
Raúl González
57.3%
Federico García Lorca
55.6%

You're not logged in!

Compare scores with friends on all Sporcle quizzes.
OR
Log In

You Might Also Like...

Show Comments

Extras

Top Quizzes Today


Score Distribution

Your Account Isn't Verified!

In order to create a playlist on Sporcle, you need to verify the email address you used during registration. Go to your Sporcle Settings to finish the process.

Report this User

Report this user for behavior that violates our Community Guidelines.

Details: